Film dont le titre commence par un T (3) - Version facile - Statistiques

Statistiques générales
  • Ce quiz a été pris 17 fois
  • Le résultat moyen est 6 sur 30
Statistiques - réponses
Année Réalisateur Genre 1 acteur ou
1 actrice
Titre Indice facile % Correct
1984 James Cameron Fantastique Arnold Schwarzenegger Terminator *
93%
1983 Claude Berri Drame Coluche Tchao pantin *
67%
2004 Wolfgang Petersen Peplum Brad Pitt Troie *
67%
1998 Pedro Almodovar Comédie dramatique Agustin Almodovar Tout sur ma mère mère
53%
1982 Sydney Pollack Comédie Dustin Hoffman Tootsie *
47%
1990 Paul Verhoeven Science fiction Arnold Schwarzenegger Total Recall *
33%
1986 Jean-Paul Roussillon Comédie Christian Clavier Twist again à Moscou Moscou
33%
1953 Fred Zinnemann Guerre Burt Lancaster Tant qu'il y aura des hommes hommes
27%
1986 Jean Pelegri Comédie dramatique Catherine Mouchet Thérèse *
20%
1960 François Truffaut Policier Charles Aznavour Tirez sur le pianiste pianistes
20%
2016 Mel Gibson Drame Andrew Garfield Tu ne tueras point ne
20%
1996 Woody Allen Musical Drew Barrymore Tout le monde dit I love you monde
13%
1955 André Hunebelle Comédie Annie Girardot Treize à table table
13%
2016 David Yates Aventures Alexander Skarsgard Tarzan *
7%
1957 Billy Wilder Policier Charles Laughton Témoin à charge charge
7%
1939 D. Bernard-Deschamps Drame Arletty Tempête *
7%
2017 Chloé Zao Western Brady Jandreau The Rider *
7%
1942 Ernst Lubitsch Comédie Carole Lombard To be or not to be To
7%
2018 Roar Uthaug Aventures Alicia Vikander Tomb Raider *
7%
1980 Jacques Deray Policier Alain Delon Trois hommes à abattre hommes
7%
1955 Alexander Mackendrick Comédie Alec Guinness Tueurs de dames dames
7%
1993 Serge Leroy Comédie dramatique Bruno Cremer Taxi de nuit nuit
0%
2012 Claude Miller Drame Audrey Tautou Thérèse Desqueyroux *
0%
2017 Doug Liman Thriller Bob Geldof The Wall *
0%
2012 Len Wiseman Science fiction Colin Farrel Total Recall Mémoires programmées Mémoires
0%
1935 John Ford Western Edward G. Robinson Toute la ville en parle ville
0%
2014 Maxime Govare Comédie Diane Tell Toute première fois fois
0%
2005 Tony Gatlif Drame Asia Argento Transylvania *
0%
2009 François Dupeyron Comédie Alain Chabat Trésor *
0%
1957 Gilles Grangier Policier Daniel Gélin Trois jours à vivre jours
0%
Aucun quiz correspondant
Distribution des résultats
% des personnes avec chaque résultat
Percentile par nombre de réponses
Votre historique - résultats
Vous n’avez pas pris ce quiz